沉默的遊行 / (Record no. 7708)
[ view plain ]
| 000 -LEADER | |
|---|---|
| fixed length control field | 00786cam a2200301 4500 |
| 001 - CONTROL NUMBER | |
| control field | 632866 |
| 003 - CONTROL NUMBER IDENTIFIER | |
| control field | YEEZEN |
| 005 - DATE AND TIME OF LATEST TRANSACTION | |
| control field | 20260410145109.0 |
| 008 - FIXED-LENGTH DATA ELEMENTS--GENERAL INFORMATION | |
| fixed length control field | 191023s2019 ch g 000 fdchi d |
| 020 ## - INTERNATIONAL STANDARD BOOK NUMBER | |
| International Standard Book Number | 9789573334545 |
| Qualifying information | (平裝) : |
| Terms of availability | 新臺幣420元 |
| 040 ## - CATALOGING SOURCE | |
| Original cataloging agency | TWNTU |
| Language of cataloging | chi |
| Description conventions | ccr |
| Transcribing agency | TWNTU |
| 041 1# - LANGUAGE CODE | |
| Language code of text/sound track or separate title | chi |
| Language code of original | jpn |
| 042 ## - AUTHENTICATION CODE | |
| Authentication code | nbic |
| 066 ## - CHARACTER SETS PRESENT | |
| Alternate G0 or G1 character set | $1 |
| 082 ## - DEWEY DECIMAL CLASSIFICATION NUMBER | |
| Classification number | 861.57 |
| 086 ## - GOVERNMENT DOCUMENT CLASSIFICATION NUMBER | |
| Classification number | 861.57 |
| 090 ## - LOCALLY ASSIGNED LC-TYPE CALL NUMBER (OCLC); LOCAL CALL NUMBER (RLIN) | |
| Classification number (OCLC) (R) ; Classification number, CALL (RLIN) (NR) | 861.57 |
| 100 1# - MAIN ENTRY--PERSONAL NAME | |
| Personal name | 東野圭吾 |
| 245 10 - TITLE STATEMENT | |
| Title | 沉默的遊行 / |
| Statement of responsibility, etc. | 東野圭吾作 ; 王蘊潔譯 |
| 250 ## - EDITION STATEMENT | |
| Edition statement | 初版 |
| 260 ## - PUBLICATION, DISTRIBUTION, ETC. | |
| Place of publication, distribution, etc. | 臺北市 |
| Name of publisher, distributor, etc. | 皇冠文化 |
| Date of publication, distribution, etc. | 2019.08. |
| 300 ## - PHYSICAL DESCRIPTION | |
| Extent | 363面 |
| Dimensions | 21公分 |
| 490 0# - SERIES STATEMENT | |
| Series statement | 東野圭吾作品集 |
| Volume/sequential designation | 32. |
| 500 ## - GENERAL NOTE | |
| General note | 譯自: 沈黙のパレード |
| 700 1# - ADDED ENTRY--PERSONAL NAME | |
| Personal name | 王蘊潔 |
| 740 0# - ADDED ENTRY--UNCONTROLLED RELATED/ANALYTICAL TITLE | |
| Uncontrolled related/analytical title | 沈黙のパレード |
| 942 ## - ADDED ENTRY ELEMENTS (KOHA) | |
| Source of classification or shelving scheme | 中文圖書分類法 |
| Koha item type | 一般圖書 |
| 撤銷狀態 | 遺失狀態 | 分類號來源 | 損壞狀態 | 不外借 | 永久館藏地 | 現在館藏地 | 書架位置 | 採購日期 | 全部借出 | 完整索書號 | 條碼號 | 最後一次日期記錄 | 一般價格有效日期 | Koha館藏類型 | 公開資訊 |
|---|---|---|---|---|---|---|---|---|---|---|---|---|---|---|---|
| 未註銷館藏 | 未遺失 | 中文圖書分類法 | 未損毀 | 可外借 | 怡仁綜合醫院圖書館 | 怡仁綜合醫院圖書館 | 2026-04-10 | 861.57 | C03291 | 2026-04-10 | 2026-04-10 | 一般圖書 | 我從來沒有想過殺人, 但為了妳,我願意賭上一切。 當遊行的喧囂結束時, 我將親手畫上沉默的句點。 沒有人不愛佐織,也沒有人想得到,佐織會以這種方式「消失」。 姣好的容貌、出色的歌唱才華,她是家裡開的居酒屋「並木屋」的活招牌,更是菊野商店街中最受歡迎的完美女孩、眾所期待的明日之星。但她在某一天晚上出門後,卻再也沒有回來,四年後,被發現陳屍在一間燒毀的破屋裡。 |